banner koha

Uso combinado de radiación UV-C y biorecubrimiento de quitosán con aceites esenciales para el control de hongos en papaya Maradol (Registro n. 338870)

MARC details
000 -LÍDER
fixed length control field 05134nab a2200337 i 4500
003 - CÓDIGO MARC DA AGÊNCIA CATALOGADORA
Campo de controle BR-BrBNA
005 - DATA E HORA DA ÚLTIMA ATUALIZAÇÃO
Campo de controle 20251029174756.0
008 - CAMPO DE TAMANHO FIXO
fixed length control field 251029b2018 bl.|r|pooa||| 00| 0 spa |
040 ## - FONTE DA CATALOGAÇÃO
Agência catalogadora BR-BrBNA
Idioma da catalogação spa
072 ## - CATEGORIA AGRIS
Código AGRIS H20
Código do objeto 1120
072 ## - CATEGORIA AGRIS
Código AGRIS H01
Código do objeto 4120
100 ## - ENTRADA PRINCIPAL - NOME PESSOAL
Nome pessoal Vázquez-Ovando, Alfredo
100 ## - ENTRADA PRINCIPAL - NOME PESSOAL
Nome pessoal López-Hilerio, Humberto
100 ## - ENTRADA PRINCIPAL - NOME PESSOAL
Nome pessoal Salvador-Figueroa, Miguel
100 ## - ENTRADA PRINCIPAL - NOME PESSOAL
Nome pessoal Adriano-Anaya, Lourdes
100 ## - ENTRADA PRINCIPAL - NOME PESSOAL
Nome pessoal Rosas-Quijano, Raymundo
100 ## - ENTRADA PRINCIPAL - NOME PESSOAL
Nome pessoal Gálvez-López, Didiana
245 ## - TÍTULO PRINCIPAL
Título principal Uso combinado de radiación UV-C y biorecubrimiento de quitosán con aceites esenciales para el control de hongos en papaya Maradol
500 ## - NOTA GERAL
Nota geral <br/>Publicação online; 32 ref.; 3 tables; 3 illus.; Summaries (En, Es)
942 ## - ADDED ENTRY ELEMENTS (KOHA)
Koha item type Analítica
520 ## - NOTA DE RESUMO
Nota de conteúdo <br/><br/><br/>Resumen - La antracnosis y pudrición blanda en frutos de papaya provocan deterioro de la calidad, así como grandes pérdidas durante el manejo postcosecha. El uso de estrategias individuales para el control de enfermedades resulta poco eficiente. Por lo anterior, en el presente estudio se evaluó el efecto sinérgico de varias estrategias de control sobre la incidencia de enfermedad causada por la inoculación de esporas de los hongos Colletotrichum gloeosporioides (Penz.) y Rhizopus stolonifer (Ehrenb.) en papaya var. Maradol. Se evaluaron tratamientos resultantes de la combinación del uso de biorecubrimientos compuestos elaborados con quitosán (15 g L-1) adicionadas con aceites esenciales (AE) de clavo, tomillo y/o lima (5 ó 10 mL L-1 de cada AE) y tres dosis de irradiación UV-C (0.97 kJ·m-2, 2 kJ·m-2 y 2.88 kJ·m-2), aplicados a las 12, 24 y 48 h post-inoculación de esporas de los fitopatógenos. El tratamiento donde se combinó el biorecubrimiento adicionado con 10 mL L-1 de AE de clavo y 10 mL L-1 de AE de tomillo y una dosis de irradiación UV-C de 2.88 kJ m-2 (B1T92) aplicado a las 24 h post-inoculación de esporas, logró mantener la incidencia de enfermedad (para ambos hongos evaluados) a valores menores de 25% durante nueve días de almacenamiento a temperatura de 28 ± 3 °C y 80% de HR. Este mismo tratamiento redujo la velocidad específica de la enfermedad, con valores de 0.549 y 0.029 d-1 para C. gloeosporioides y R. stolonifer, respectivamente. Otros tratamientos (B2T62, B1T34, B1T34, B1T94) presentaron actividad antifúngica (valores promedio de incidencia de 35% durante todo el almacenamiento) para R. stolonifer. Los resultados de este trabajo demuestran que el efecto sinérgico del uso de biorecubrimientos de quitosán con aceites esenciales y energía UV-C controla el desarrollo de hongos causantes de antracnosis y pudrición blanda en frutos de papaya Maradol.<br/><br/><br/><br/>Términos para indexación: Colletotrichum gloeosporioides; Rhizopus stolonifer; sinergismo; incidencia de enfermedad; velocidad específica de infección
520 ## - NOTA DE RESUMO
Nota de conteúdo <br/><br/><br/>Abstract - Anthracnose and soft rot cause deterioration of quality as well as large losses during post-harvest handling of papaya fruits. The single strategies for disease control is little efficient. We analyzed the effect of to integrate control strategies on the incidence of disease caused by the inoculation of spores of the fungi Colletotrichum gloeosporioides (Penz.) and Rhizopus stolonifer (Ehrenb.) into papaya (Carica papaya L.) ‘Maradol’. The following treatments were evaluated: a combination of the use of composite films made with chitosan (15 g L-1) enriched with clove, thyme and / or lime essential oils, (EO) (5 or 10 mL L-1 of each EO) and three irradiation UV-C doses (0.97 kJ·m-2, 2 kJ·m-2 y 2.88 kJ·m-2), applied at 12, 24, and 48 h post-inoculation of phytopathogens spores. The treatment where combined coating with 10 mL L-1 of clove EO and 10 mL L-1 of thyme EO and a UV-C irradiation at dose of 2.88 kJ m-2 (B1T92) applied at 24 h postinoculation was able to maintain the disease incidence lower than 25% (for both fungi) during nine days of storage at tropical room conditions (28 ± 3 °C and 80% RH). The same treatment reduced the specific rate of the disease, with values of 0.549 and 0.029 d-1 for C. gloeosporoides and R. stolonifer, respectively. Other treatments (B2T62, B1T34, B1T34, and B1T94) had antifungal activity (mean values of incidence of 35% throughout storage) for R. stolonifer. These results demonstrate that the synergistic effect of the use of biofilms enriched with EO and UV-C irradiation controls the development of fungi causing anthracnose and soft rot in Maradol papaya fruits.<br/><br/><br/><br/>Index terms: Colletotrichum gloeosporioides; Rhizopus stolonifer; synergist effect; disease incidence; apparent infection rate
650 ## - ASSUNTO - THESAGRO
Cabeçalho tópico ou nome geográfico MAMÃO
650 ## - ASSUNTO - THESAGRO
Cabeçalho tópico ou nome geográfico DOENÇA FÚNGICA
650 ## - ASSUNTO - THESAGRO
Cabeçalho tópico ou nome geográfico ANTRACNOSE
650 ## - ASSUNTO - THESAGRO
Cabeçalho tópico ou nome geográfico SINERGISMO
650 ## - ASSUNTO - THESAGRO
Cabeçalho tópico ou nome geográfico DEFESA VEGETAL
773 0# - ENTRADA ANALÍTICA
Host Biblionumber 805
Registro do item 317034
Imprenta Jaboticabal-SP Sociedade Brasileira de Fruticultura 1978
Outro identificador 2024-3596
Título Revista Brasileira de Fruticultura (Brazil)
ISSN 0100-2945
Colação v. 40(3) p. 1-13; (2018)
Número de controle de registro BR2025004316
856 ## - ACESSO E ENDEREÇO ELETRÔNICO
Identificador uniforme de recurso - URI https://www.scielo.br/j/rbf/a/pp9YCHXwQBbJXsTvwSK5Dxv/?format=pdf&lang=es

Nenhum exemplar disponível.

BINAGRI

Telefone: (61)3218-2567/2388/3357/2097 - binagri@agro.gov.br

Ministério da Agricultura e Pecuária , Esplanada dos Ministérios, Bloco D, Anexo B, Brasília/DF, CEP: 70.043-900